Logo CIB grande

Técnicas de mecanizado : montaje y mantenimiento (Registro nro. 237757)

Detalles MARC
000 -LEADER
campo de control de longitud fija 00605nam a2200217Ia 4500
005 - FECHA Y HORA DE LA ÚLTIMA TRANSACCIÓN
campo de control 20250425162842.0
008 - DATOS DE LONGITUD FIJA--INFORMACIÓN GENERAL
campo de control de longitud fija 250425s9999 xx 000 0 und d
020 ## - NÚMERO INTERNACIONAL ESTÁNDAR DEL LIBRO
Número Internacional Estándar del Libro 9781522994718
041 ## - CÓDIGO DE IDIOMA
Código de lengua del texto/banda sonora o título independiente spa
082 ## - NÚMERO DE LA CLASIFICACIÓN DECIMAL DEWEY
Número de clasificación 620.1
Iniciales del Autor D'Ad
010 ## - NÚMERO DE CONTROL DE LA BIBLIOTECA DEL CONGRESO
Número de control de LC 113723
100 ## - ENTRADA PRINCIPAL--NOMBRE DE PERSONA
Nombre de persona D'Addario, Miguel
245 #0 - MENCIÓN DEL TÍTULO
Título Técnicas de mecanizado : montaje y mantenimiento
Mención de responsabilidad, etc. Miguel D'Addario
250 ## - MENCION DE EDICION
Mención de edición Segunda edición
260 ## - PUBLICACIÓN, DISTRIBUCIÓN, ETC.
Lugar de publicación, distribución, etc. Orlando
Nombre del editor, distribuidor, etc. SafeCreative
Fecha de publicación, distribución, etc. 2023
300 ## - DESCRIPCIÓN FÍSICA
Extensión 331 páginas
Otras características físicas ilustraciones
Dimensiones 28 cm.
650 ## - PUNTO DE ACCESO ADICIONAL DE MATERIA--TÉRMINO DE MATERIA
Término de materia o nombre geográfico como elemento de entrada Mecánica
650 ## - PUNTO DE ACCESO ADICIONAL DE MATERIA--TÉRMINO DE MATERIA
Término de materia o nombre geográfico como elemento de entrada Técnicas de Mecanizado
902 ## - ELEMENTOS DE DATOS B LOCAL, LDB (RLIN)
a Impreso
c Físico
942 ## - ELEMENTOS DE ENTRADA SECUNDARIOS (KOHA)
Tipo de ítem Koha Libros
Existencias
Estatus retirado Estado de pérdida Fuente de la clasificación o esquema de estantería Estado de daño No para préstamo Biblioteca de origen Biblioteca actual Fecha de adquisición Coste, precio normal de compra Etiqueta RFID Total de préstamos Signatura topográfica completa Código de barras Copia número Tipo de ítem Koha Nota pública
    Clasificación Decimal Dewey     CENTRO DE INFORMACIÓN BIBLIOTECARIA CENTRO DE INFORMACIÓN BIBLIOTECARIA 16/09/2023 35.00 0000000000000000036458   620.1 D'Ad 80995 1 Libros Compra a Pablo Núñez

Copyright 2025 ESPOL. Todos los derechos reservados.